000 00883nam a22002537a 4500
005 20240530110533.0
008 160323s2013 ua g b 000 0 ara d
017 _a2011/213089
_bمصر . دار الكتب المصرية
020 _a9789774990432
040 _aEG-CaGPL
082 0 4 _221
_a246\
_bع ت
100 0 _aعبدالرحمن سالم
245 1 2 _aالتاريخ السياسى للمعتزلة /
_cعبدالرحمن سالم
250 _aط1
260 _aالقاهرة :
_bرؤية للنشر و التوزيع ،
_c2013 .
300 _a502 ص ؛
_c19 سم .
504 _aيشتمل على ارجاعات ببليوجرافية
650 0 4 _aالمعتزلة
650 0 4 _aالحركات الفكرية للمسلمين
650 0 4 _aالعمرية
650 0 4 _aالواصلية
942 _2ddc
_cBK
999 _c62126
_d62126